| 000 | 00955nam1a22002171i 4500 | ||
|---|---|---|---|
| 001 | rc\223719 | ||
| 005 | 20260406183818.0 | ||
| 035 | _a(NLR Aleph) 005625757 | ||
| 090 |
_a6531567 _c6531567 |
||
| 100 | _a20030307d1990 u |0rusy50 ca | ||
| 101 | 0 | _arus | |
| 102 | _aRU | ||
| 105 | _ay ||||||||| | ||
| 200 | 1 |
_aТРУДОВОЕ устройство инвалидов в Белорусской ССР... _eИнформ. письмо _fМ-во соц. обеспечения БССР, Белорус. НИИ экспертизы трудоспособности и орг. труда инвалидов |
|
| 210 |
_aМинск _cБ. и. _d1990 |
||
| 215 | _d20 | ||
| 712 | 0 | 2 |
_aБелорусский НИИ экспертизы трудоспособности и организации труда инвалидов _cМинск _9393785 _3RU\NLR\AUTH\889949066 |
| 801 | 0 |
_aRU _bNLR _gpsbo |
|
| 801 | 1 |
_aRU _bELAR _2rusmarc |
|
| 852 |
_aNLR _j90-4/16956 |
||
| 942 | _cBOOK | ||